Indian economy and reforms: (Record no. 15169)

MARC details
000 -LEADER
fixed length control field 01003cam a22002654a 4500
001 - CONTROL NUMBER
control field ENG-90785
005 - DATE AND TIME OF LATEST TRANSACTION
control field 20080417160226.0
008 - FIXED-LENGTH DATA ELEMENTS--GENERAL INFORMATION
fixed length control field 080828t xxu||||| |||| 00| 0 eng d
010 ## - LIBRARY OF CONGRESS CONTROL NUMBER
LC control number ENG-90785
020 ## - INTERNATIONAL STANDARD BOOK NUMBER
International Standard Book Number 9788172734312
Terms of availability 575.00
035 ## - SYSTEM CONTROL NUMBER
System control number EN-74318
037 ## - SOURCE OF ACQUISITION
Source of stock number/acquisition DBAD / PUB
040 ## - CATALOGING SOURCE
Original cataloging agency DPL
082 ## - DEWEY DECIMAL CLASSIFICATION NUMBER
Classification number 338.954
100 ## - MAIN ENTRY--PERSONAL NAME
Personal name Arora, Charu
245 ## - TITLE STATEMENT
Title Indian economy and reforms:
Remainder of title strictly on the basis prescribed syllabus with modern trends /
Statement of responsibility, etc by Charu Arora
260 ## - PUBLICATION, DISTRIBUTION, ETC. (IMPRINT)
Place of publication, distribution, etc Delhi :
Name of publisher, distributor, etc Authorspress,
Date of publication, distribution, etc 2008.
270 ## - ADDRESS
Address E-35/103, Jawahar Park, Laxmi Nagar,
City Delhi
Postal code 110092
300 ## - PHYSICAL DESCRIPTION
Extent xvi, 219p.
Dimensions 22 cm (Hb)
500 ## - GENERAL NOTE
General note Includes bibliographical references and index.
651 ## - SUBJECT ADDED ENTRY--GEOGRAPHIC NAME
Geographic name India
General subdivision Economic policy
Chronological subdivision 1991-
651 ## - SUBJECT ADDED ENTRY--GEOGRAPHIC NAME
Geographic name India
General subdivision Economic conditions
Chronological subdivision 1947-
942 ## - ADDED ENTRY ELEMENTS (KOHA)
Source of classification or shelving scheme Dewey Decimal Classification
Koha item type English Books
Call number suffix ARO
Classification part 338.954
Holdings
Withdrawn status Lost status Damaged status Not for loan Collection code Home library Current library Date acquired Cost, normal purchase price Total Checkouts Full call number Barcode Date last seen Cost, replacement price Price effective from Koha item type
      Not For Loan Non-fiction D.B.Act.Division D.B.Act.Division 28/08/2008 575.00   338.954 ARO EN-74318 15/09/2008 575.00 15/09/2008 English Books

© Delhi Public Library
Hit Counter
free hit counter